Automatic Control Engineering (Record no. 1410)

MARC details
000 -LEADER
fixed length control field 00258nam a22001217a 4500
041 ## - LANGUAGE CODE
Language code of text/sound track or separate title ENG
100 ## - MAIN ENTRY--PERSONAL NAME
Personal name Raven.F
245 ## - TITLE STATEMENT
Title Automatic Control Engineering
260 ## - PUBLICATION, DISTRIBUTION, ETC. (IMPRINT)
Place of publication, distribution, etc New york
Name of publisher, distributor, etc Mcgraw -Hill
Date of publication, distribution, etc 1998
300 ## - PHYSICAL DESCRIPTION
Extent 619
650 ## - SUBJECT ADDED ENTRY--TOPICAL TERM
Topical term or geographic name as entry element FMP
856 ## - ELECTRONIC LOCATION AND ACCESS
Uniform Resource Identifier FMP ( 4 )
Holdings
Withdrawn status Lost status Source of classification or shelving scheme Damaged status Not for loan Home library Current library Shelving location Date acquired Cost, normal purchase price Total Checkouts Barcode Date last seen Price effective from Koha item type
    Dewey Decimal Classification     College of Agricultural Engineering and Technology, Dapoli , Library College of Agricultural Engineering and Technology, Dapoli , Library Book Cart 22/09/2021 17649.00   005558 22/09/2021 22/09/2021 Books

Contact Us: College of Agricultural Engineering and Technology, Dapoli, Dist.- Ratnagiri
Website: https://dbskkv.org Email: caetlibrary2015@gmail.com